Incumplimiento recíproco y remedios contractuales

Guardat en:
Dades bibliogràfiques
Autor principal: Yúsari Khaliliyeh, Tarek (Autor)
Format: Llibre
Idioma:espanyol
Publicat: Santiago Legal Publishing 2012
Edició:1a. ed
Matèries:
Etiquetes: Afegir etiqueta
Sense etiquetes, Sigues el primer a etiquetar aquest registre!

MARC

LEADER 00000cam a2200000 a 4500
001 UCF3002
003 CL-VaPUC
008 120914e20120700CL |||||||||||||||||spa|d
020 |a 9789563462319 
082 0 4 |a 346.022  |b YUS  |2 21 
100 0 |a Yúsari Khaliliyeh, Tarek  |e author  |9 564882 
245 1 0 |a Incumplimiento recíproco y remedios contractuales 
250 |a 1a. ed 
300 |a 233 p 
942 |c BK 
945 |d 20120914 00:00:00  |a dcastane 
260 |a Santiago  |b Legal Publishing  |c 2012 
650 0 |a Derecho civil  |9 255013 
650 0 |a Derecho privado  |9 258243 
650 0 |a Obligaciones   |9 255578 
650 0 |a Contratos  |9 255153 
650 0 |a Incumplimiento de contratos  |9 400512 
650 7 |a RESPONSABILIDAD CIVIL  |2 CL-VaPUC  |9 564883 
650 7 |a RESPONSABILIDAD CIVIL CONTRACTUAL  |2 CL-VaPUC  |9 541136 
583 |a last modification  |c 20120914 00:13:00  |k Rodrigo Vera 
999 |c 349524  |d 349522 
952 |0 0  |1 0  |4 0  |6 346_022000000000000_YUS_2012  |7 0  |8 A  |9 452153  |a BIBDER  |b BIBDER  |d 2019-11-22  |i 4905598  |l 1  |m 2  |o 346.022 YUS 2012  |p 4905598  |r 2023-12-15  |s 2023-12-11  |w 2019-11-22  |y BK  |k DER